00629nam a2200229 a 4500001001300000003000900013005001700022008004100039020001000080082001300090100002200103245002600125260004700151300000800198500003500206505001300241700002200254902000800276942000700284952009300291999001500384nice12345678IN_TiNIC20260116012222.0050524s1906 cama grp 000 0 eng  ac10000a190bMUN aMunsterberb, Hugo aScience and Idealism. aCambridgebHarvard University Press c1906 a71p aincludes index and biblioraphy2 aAppendix1 aMunsterberb, Hugo bSRS cBK 00104070aHMIbHMId2007-03-16g100.00l0o190 MUNp8815r2007-03-16w2026-01-16yARB c6127d6127